Albums by Cover Art - Shoegaze - Statistics

General Stats
  • This quiz has been taken 193 times
    185 since last reset
  • The average score is 6 of 20
Answer Stats
Picture Answer % Correct
my bloody valentine - Loveless
95%
Slowdive - Souvlaki
89%
Cocteau Twins - Heaven or Las Vegas
84%
Have a Nice Life - Deathconsciousness
69%
Ride - Nowhere
50%
Parannoul -To See the Next Part of the Dream
32%
The Jesus and Mary Chain - Psychocandy
30%
Candy Claws - Ceres & Calypso in the Deep Time
27%
Lush - Split
25%
Chapterhouse - Whirlpool
20%
The Verve - A Storm in Heaven
20%
Swervedriver - Mezcal Head
18%
Pale Saints - The Comforts of Madness
16%
Alcest - Souvenirs d'un autre monde
13%
M83 - Dead Cities, Red Seas & Lost Ghosts
13%
Catherine Wheel - Chrome
12%
Starflyer 59 - Starflyer 59 [Gold]
11%
Swirlies - They Spent Their Wild Youthful Days in the Glittering World of the Salons
10%
Mercury Rev - Deserter's Songs
8%
Medicine - The Buried Life
6%
No matching quizzes found
Score Distribution
Percent of People with Each Score
Percentile by Number Answered
Your Score History
You have not taken this quiz since the last reset